000 00902cam a2200277 a 4500
001 15768004
003 OSt
005 20230606083924.0
008 090609s200u ke b 001 0 eng
010 _a 2009349613
020 _a9966723773
040 _aDLC
_cDLC
_dDLC
042 _alcode
043 _af-ke---
082 _a346.04386762
_bONA
100 1 _aOnalo, P. L.
245 1 0 _aLand law and conveyancing in Kenya /
_cP.L. Onalo.
260 _aNairobi :
_bLawAfrica,
_c[200-?]
300 _axvi, 319 p. ;
_c26 cm.
504 _aIncludes bibliographical references (p. [297]-298) and index.
650 0 _aReal property
_zKenya.
650 0 _aConveyancing
_zKenya.
906 _a7
_bcbc
_corigode
_d2
_encip
_f20
_gy-gencatlg
942 _2ddc
_cBK
999 _c484
_d484